Les ivoiriens passés par l'OM - Statistiques

Statistiques générales
  • Ce quiz a été pris 39 fois
  • Le résultat moyen est 4 sur 11
Statistiques - réponses
Hint Réponse % Correct
2003-2004 (ATT) Didier Drogba
94%
2023- (DEF) Bamo Meïté
58%
2000-2006 (DEF) Abdoulaye Meïté
56%
2008-2010 (ATT) Bakari Koné
56%
2022-2023 (DEF) Éric Bailly
56%
2014-2016 (DEF) Brice Dja Djédjé
36%
1999-2003 (ATT) Ibrahima Bakayoko
22%
1997-1999 (DEF) Cyril Domoraud
11%
1994-1996 (DEF) Didier Wacouboué
3%
2008 (ATT) Kanga Akalé
3%
1998-1999 (MIL) Tchiressoua Guel
0%
Aucun quiz correspondant
Distribution des résultats
% des personnes avec chaque résultat
Percentile par nombre de réponses
Votre historique - résultats
Vous n’avez pas pris ce quiz